|
|
|
|
| LEADER |
00000nab#a22000007a#4500 |
| 001 |
arbauad003981 |
| 003 |
AR-BaUAD |
| 005 |
20250711110616.0 |
| 008 |
940404|||||||||###||||||b###|0###a|spa|| |
| 040 |
|
|
|a AR-BaUAD
|c AR-BaUAD
|b spa
|
| 245 |
1 |
0 |
|a Conjuntos de nivel económico muy elevado
|
| 300 |
0 |
|
|b cortes, fot., plantas
|
| 653 |
|
|
|a CONJUNTOS HAB. DE ALTA DENS.
|
| 653 |
|
|
|a CONSTRUCCION EN TORRE
|
| 653 |
|
|
|a PORTLAND
|
| 653 |
|
|
|a OREGON
|
| 653 |
|
|
|a ESTADOS UNIDOS
|
| 653 |
|
|
|a SOM
|
| 653 |
|
|
|a SKIDMORE-OWINGS-MERRILL
|
| 653 |
|
|
|a AUSTRIA
|
| 653 |
|
|
|a PUCHHAMMER-WAERIK
|
| 653 |
|
|
|a CONSTRUCCION ATERRAZADA
|
| 653 |
|
|
|a CHILE
|
| 653 |
|
|
|a LARRAIN, JAIME
|
| 653 |
|
|
|a LARRAIN, OSVALDO
|
| 653 |
|
|
|a BALMACEDA, DIEGO
|
| 653 |
|
|
|a BITAR, VICTOR
|
| 653 |
|
|
|a VAZQUEZ, JOSE
|
| 653 |
|
|
|a CARRASCO, SERGIO
|
| 653 |
|
|
|a SUIZA
|
| 653 |
|
|
|a JULLIARD, DOMINIQUE
|
| 653 |
|
|
|a PAYOT, BOLLINGER
|
| 773 |
0 |
|
|t SUMMA
|g no. 23 [mar. 1970], p. 27-37
|
| 942 |
|
|
|c ARTI
|
| 952 |
|
|
|0 0
|1 0
|4 0
|7 0
|9 48901
|a AR-BAuAD
|b AR-BAuAD
|d 2025-07-11
|l 0
|p AAQA003981
|r 2025-07-11 11:06:16
|w 2025-07-11
|y ARTI
|
| 990 |
|
|
|a AQ197
|b TD
|
| 998 |
|
|
|a AAQ
|b BIBUN76
|
| 999 |
|
|
|c 28574
|d 28574
|